000
00334nam a2200145Ia 4500
003
OSt
005
20240208104235.0
008
170524s9999 xx 000 0 und d
020
_a
0761933603
040
_c
iimtu meerut
100
_a
AQUINAS- PG
245
0
_a
ORIGANIZATIONAL BEHAVIOUR
260
_b
EXCEL BOOKS
942
_2
ddc
_c
02
999
_c
8167
_d
8167